000 00366cam a22001217a 4500
008 180718b1928 xxu||||| |||| 00| 0 eng d
082 _aT2x5452
100 _aChoudary, K. Seshachalam
245 _aDivi-divi: Caesalpina Coriaria
_cby K. Seshachalam Choudary
260 _aMadras
_bGovernment Press
_c1928
300 _a20p.
700 _aMadras. Department of Industries
999 _c504224
_d504224